El Niño: Sujeto de derechos procesales en la justicia de familia

保存先:
書誌詳細
第一著者: Pinto Salazar, Jimena (autor)
その他の著者: Ravetllat Ballesté, Isaac (prólogo)
フォーマット: 不明
言語:英語
出版事項: Santiago, Chile Hammurabi 2019
版:1a. Edición
主題:
タグ: タグ追加
タグなし, このレコードへの初めてのタグを付けませんか!

MARC

LEADER 00000 a2200000 4500
003 CL-VaPUC
005 20211016074505.0
008 201229b ||||| |||| 00| 0 eng d
999 |c 432403  |d 432401 
020 |a 9789566022305 
040 |c Pontificia Universidad Católica de Valparaíso 
082 0 4 |a 346.83015 PIN 2019 
100 1 |a Pinto Salazar, Jimena  |9 859063  |e autor 
245 3 |a El Niño:   |b Sujeto de derechos procesales en la justicia de familia 
250 |a 1a. Edición  
260 |a Santiago, Chile   |b Hammurabi  |c 2019 
300 |a 406 páginas  
583 |k Hugo Gaete  |c 20201229 
650 1 |a Derechos del niño  |9 258728  |z Chile   |x Justicia 
650 1 0 |a Niños  |x Derechos   |x Familia  |9 255605 
650 1 |a Derecho de familia  |9 255603  |x Derecho procesal 
700 |a Ravetllat Ballesté, Isaac  |e prólogo  |9 859100 
852 |a BIBCUR 
942 |2 ddc  |c BK 
952 |0 0  |1 0  |2 ddc  |4 0  |6 346_830150000000000_PIN_2019  |7 0  |8 A  |9 577317  |a BIBDER  |b BIBDER  |d 2020-12-29  |e 22  |g 25600.00  |i 5580749  |l 8  |m 4  |o 346.83015 PIN 2019  |p 5580749  |r 2024-06-05  |s 2024-05-22  |t 1  |v 25600.00  |w 2020-12-29  |y BK  |k DER